01850nam a2200229Ia 4500001000600000003000900006008004100015040001300056040001300069041001300082100001900095100002900114245007500143245007500218250001100293260004400304260004900348300005700397500111400454650002101568650003101589H8151IT-RoPAU130308s9999 xx 000 0 und d aIT-RoPAU cIT-RoPAU aITALIANO aColazzo Cosimo gCodice Aut. SPICS: 59244 aMusica al cinema: l'opera rock. Percorsi cinematografici per la scuola bMusica al Cinema: L'Opera Rock. Percorsi Cinematografici per la Scuola a1a ed. bGiunta Della Provincia Autonoma Di Tren c2004 [1° Ed.:2004 - Ed.Ling.Originale:2004] a"236 p. (prefazione: no ; testo: 236 [pagine: 0-0])" a"Jesus Christ Superstar di N. Jewison: Composizione Formale e Linguaggio Audiovisivo; Articolazione Formale e Stile; Analisi. Approfondimenti: Come E'Nato Jesus Christ Superstar, Alcuni Antefatti, marcia di Avvicinamento a Broadway, Altre Storie; Appunti per una Definizione di Opera Rock; Musical Ecultura Rock, Incroci ed Innesti; Woodstok; Norman Jewison, Regista, Filmografia. Hair di M. Forman: Composizione Formale e Linguaggio Audiovisivo; Articolazione Formale e Stile; Analisi. Approfondimenti: Rock delle Origini e Cinema, tribù dei Giovani; Musical e Cultura Rock, Verso Età Acquario; Peyote e Lsd 2 Miti Cultura Beat; Easy Rider; Milos Forman, Filmografia. Rocky Horror Picture Show di J. Sharman: Analisi. Approfondimenti: Rock e Libertà dei Costumi; Rocky Horror Picture Show, Il Musical; dal Musical al Film; Cultura Camp; fenomeno Audience Partecipation; Jim Sharman, Filmografia. tommy di K. Russell: Analisi. Approfondimenti: Appunti X una fenomenologia concerto Rock; pop Film di Richard Lester; Ken Russell, Filmografia; The Who, Discografia Essenziale; Pete townshend, Discografia." aSAGGI SUL CINEMA eCodice materia Spics: 6811